[Event "Challenge"]
[Site "http://www.queenalice.com/game.php?id=279324"]
[Date "2007.9.30"]
[Round "-"]
[White "silviapim"]
[Black "Morgause"]
[Result "1-0"]
[WhiteElo "945"]
[BlackElo "962"]

1. d4 Nc6 2. d5 Ne5 3. f4 Ng6 4. e3 e5 5. Nc3 d6 6. Nf3 a6 7. b4 exf4 8. Qe2 Be7
9. g3 Bf6 10. Bd2 Bd7 11. exf4+ N8e7 12. Ne4 Bxa1 13. Qd1 Bf6 14. Nxf6+ gxf6 15.
Bd3 f5 16. Ng5 c6 17. g4 Nh4 18. gxf5 O-O 19. Rg1 Nxd5 20. Nxh7+ Kxh7 21. f6+
Kh6 22. f5+ Nf4 23. Bc4 Qe8+ 24. Kf1 Nf3 25. Qxf3 Bxf5 26. Bxf4+ Kh7 27. Rg5 Bg6
28. Qh3+ Kg8 29. Qg2 Qe3 30. Bxe3 1-0

[Event "Challenge"]
[Site "http://www.queenalice.com/game.php?id=283524"]
[Date "2007.10.9"]
[Round "-"]
[White "Morgause"]
[Black "Ponce"]
[Result "0-1"]
[WhiteElo "991"]
[BlackElo "1357"]

1. e4 d5 2. d3 d4 3. Nf3 Nc6 4. Be2 e5 5. c3 Bc5 6. Bd2 Nf6 7. Be3 dxe3 8. fxe3
Bxe3 9. h3 Bf4 10. Ng1 O-O 11. d4 Bd7 12. Nf3 Bg3+ 13. Kd2 Nxe4+ 14. Kd3 Bf5 15.
Nxe5 Nf2+ 16. Kd2 Nxd1 17. Kxd1 Nxe5 18. Rf1 Qd7 19. Rxf5 Qxf5 20. dxe5 Qxe5 21.
Nd2 Rad8 22. b4 Qxc3 23. Bg4 Qxd2# 0-1

[Event "The killer wants kill you!"]
[Site "http://www.queenalice.com/game.php?id=283525"]
[Date "2007.10.9"]
[Round "-"]
[White "Morgause"]
[Black "Ponce"]
[Result "0-1"]
[WhiteElo "1003"]
[BlackElo "1355"]

1. e4 Nc6 2. d3 d5 3. f3 Be6 4. Be2 dxe4 5. c4 Bf5 6. h3 e6 7. fxe4 Bg6 8. Nf3
Nd4 9. Nxd4 Qxd4 10. Qc2 Bd6 11. Nd2 Bg3+ 12. Kd1 Qf2 13. Nf1 Qxg2 14. Nxg3 Qxg3
15. Bd2 O-O-O 16. b3 Qg2 17. Re1 Qxh3 18. Bf1 Qf3+ 19. Be2 Qf6 0-1

[Event "Challenge"]
[Site "http://www.queenalice.com/game.php?id=284163"]
[Date "2007.10.10"]
[Round "-"]
[White "Morgause"]
[Black "Ponce"]
[Result "0-1"]
[WhiteElo "985"]
[BlackElo "1379"]

1. e4 Nf6 2. Nc3 d6 3. d3 e5 4. f3 Be6 5. g3 d5 6. a3 Bc5 7. f4 d4 8. Nce2 Nc6
9. b4 Bd6 10. Bd2 O-O 11. c3 Bg4 12. Bg2 dxc3 13. Bxc3 Qe7 14. d4 Bxe2 15. Nxe2
exd4 16. Bxd4 Nxd4 17. Nxd4 Nxe4 18. Bxe4 Qxe4+ 19. Qe2 Qxh1+ 20. Qf1 Qe4+ 21.
Ne2 c5 22. bxc5 Bxc5 23. Rc1 Bxa3 24. Rd1 Bc5 25. h4 Qb4+ 26. Rd2 Rad8 27. Kd1
Qxd2# 0-1

[Event "Challenge"]
[Site "http://www.queenalice.com/game.php?id=285272"]
[Date "2007.10.12"]
[Round "-"]
[White "dida"]
[Black "Morgause"]
[Result "1-0"]
[WhiteElo "1531"]
[BlackElo "944"]

1. e4 e5 2. Nf3 Nc6 3. Nc3 d6 4. d3 Be6 5. a3 a5 6. Nb5 Rb8 7. h3 a4 8. c3 Be7
9. b4 Qd7 10. h4 h6 11. Be3 Nf6 12. Na7 Nxa7 13. Bxa7 Ra8 14. Be3 Bb3 15. Qd2 c6
16. d4 exd4 17. cxd4 Nxe4 18. Qd3 Qf5 19. Be2 Bd5 20. g3 Qe6 21. h5 O-O 22. Nh4
g5 23. Nf3 g4 24. Ne5 b5 25. Nxg4 f5 26. Nxh6+ Kh8 27. f3 Nxg3 28. Rh4 Bxh4 29.
Kf2 Ne4+ 30. Kg2 Ng3 31. Bf4 Rfe8 32. Bxg3 Bg5 33. Nxf5 Rf8 34. Nxd6 Rg8 35. Nf5
Raf8 36. Bd6 Qxd6 37. Nxd6 Be7+ 38. Kh3 Be6+ 39. Kh2 Rg7 40. Rg1 Bxd6+ 41. Kh1
Rfg8 42. Rxg7 Rxg7 43. d5 cxd5 44. h6 Rg5 45. Qd4+ Kh7 46. Qf6 Rh5+ 47. Kg1 1-0

[Event "Challenge"]
[Site "http://www.queenalice.com/game.php?id=289360"]
[Date "2007.10.19"]
[Round "-"]
[White "Morgause"]
[Black "Ponce"]
[Result "0-1"]
[WhiteElo "984"]
[BlackElo "1402"]

1. e4 g5 2. Be2 d5 3. f3 dxe4 4. fxe4 Nc6 5. b4 Nf6 6. d3 Nxb4 7. Nc3 c5 8. a3
e5 9. Nf3 Bd6 10. axb4 Qc7 11. Na4 cxb4 12. Bb2 Bd7 13. d4 exd4 14. Bxd4 O-O-O
15. O-O b5 16. Bxf6 Bxh2+ 17. Kf2 Qg3+ 18. Ke3 Qf4+ 19. Kd3 Bc6+ 20. Nd4 Bxe4#
0-1

[Event "Challenge"]
[Site "http://www.queenalice.com/game.php?id=289383"]
[Date "2007.10.19"]
[Round "-"]
[White "Ponce"]
[Black "Morgause"]
[Result "1-0"]
[WhiteElo "1404"]
[BlackElo "984"]

1. Nf3 g6 2. e4 d6 3. d4 Nf6 4. Bd3 Bg7 5. O-O e6 6. Bg5 h6 7. e5 hxg5 8. exf6
Bxf6 9. Nc3 Bd7 10. Re1 a6 11. Qd2 Nc6 12. d5 O-O 13. dxc6 Bxc6 14. Ne4 Bxe4 15.
Bxe4 Bxb2 16. Rab1 Bf6 17. Bxb7 Rb8 18. Bxa6 g4 19. Nd4 e5 20. Nc6 Qd7 21. Nxb8
Rxb8 22. Rxb8+ Kg7 23. Bb5 Qe6 24. Qa5 Bh4 25. g3 Bg5 26. c4 Kh6 27. Qxc7 Bd2
28. Re2 Bc3 29. Re8 Qf6 30. Re7 Qg5 31. Rxf7 Qc1+ 32. Kg2 1-0

[Event "Challenge"]
[Site "http://www.queenalice.com/game.php?id=291944"]
[Date "2007.10.23"]
[Round "-"]
[White "Morgause"]
[Black "sdbrasil"]
[Result "0-1"]
[WhiteElo "933"]
[BlackElo "1132"]

1. e4 e5 2. Nf3 d6 3. Nc3 Nh6 4. g3 Be7 5. h4 O-O 6. Bg2 Qd7 7. O-O b6 8. Nd5
Nc6 9. d3 Ng4 10. Qd2 Qe6 11. b3 Rb8 12. Bb2 Ba6 13. Ng5 Qg6 14. Bh3 Bxg5 15.
hxg5 Rfe8 16. Nxc7 Re7 0-1

[Event "Challenge"]
[Site "http://www.queenalice.com/game.php?id=294873"]
[Date "2007.10.29"]
[Round "-"]
[White "stk"]
[Black "Morgause"]
[Result "1-0"]
[WhiteElo "1100"]
[BlackElo "984"]

1. e3 e5 2. Bd3 g6 3. c4 b6 4. Qf3 Bb7 5. Qxb7 Nc6 6. Be4 Na5 7. Qxa8 Qxa8 8.
Bxa8 Nf6 9. Nc3 Bd6 10. Nf3 Bb4 11. Nb5 c6 12. Nxa7 1-0

[Event "Challenge"]
[Site "http://www.queenalice.com/game.php?id=295972"]
[Date "2007.10.31"]
[Round "-"]
[White "Tlaloc2k"]
[Black "Morgause"]
[Result "1-0"]
[WhiteElo "1502"]
[BlackElo "984"]

1. h4 Nf6 2. d3 h6 3. e4 g6 4. f4 d6 5. Be2 Nc6 6. Be3 b6 7. Qd2 a5 8. Nc3 Bg7
9. Nf3 Ba6 10. O-O-O O-O 11. d4 Nb4 12. a3 Nc6 13. d5 g5 14. hxg5 hxg5 15. dxc6
e5 16. fxg5 Ng4 17. Rh4 Nxe3 18. Qxe3 Qe7 19. Bxa6 f6 20. Nd5 Qe6 21. Bc4 Rfe8
22. b3 Rab8 23. Nxc7 Rbc8 24. Nxe6 Rxc6 25. Nd8+ Kf8 26. Nxc6 fxg5 27. Qxg5 Bf6
28. Qg8# 1-0

[Event "Challenge"]
[Site "http://www.queenalice.com/game.php?id=296535"]
[Date "2007.11.1"]
[Round "-"]
[White "Morgause"]
[Black "Ponce"]
[Result "0-1"]
[WhiteElo "984"]
[BlackElo "1459"]

1. e4 e5 2. Nf3 Bc5 3. a3 Nc6 4. b4 Be7 5. Bb5 Nf6 6. Nc3 O-O 7. O-O d6 8. d3
Bg4 9. h3 Bxf3 10. Qxf3 Nd4 11. Qe3 Nxc2 12. Qd2 Nxa1 13. Bb2 Nb3 14. Qc2 Nd4
15. Qd1 a6 16. Bc4 b5 17. f4 bxc4 18. dxc4 c6 19. Ne2 Qb6 20. Bc3 Nxe2+ 0-1

[Event "Challenge"]
[Site "http://www.queenalice.com/game.php?id=297395"]
[Date "2007.11.3"]
[Round "-"]
[White "Drica"]
[Black "Morgause"]
[Result "1-0"]
[WhiteElo "1412"]
[BlackElo "984"]

1. e4 e5 2. b3 Nf6 3. Nf3 Nc6 4. Nc3 b6 5. g3 Be7 6. Qe2 Bb7 7. Qe3 O-O 8. Bh3
Bc5 9. Qg5 h6 10. Qh4 Bb4 11. g4 Qe8 12. Rg1 Qe7 13. g5 hxg5 14. Qxg5 Rfe8 15.
a4 Bxc3 16. Qxg7# 1-0

[Event "Challenge"]
[Site "http://www.queenalice.com/game.php?id=307880"]
[Date "2007.11.21"]
[Round "-"]
[White "Morgause"]
[Black "Ponce"]
[Result "0-1"]
[WhiteElo "933"]
[BlackElo "1559"]

1. e4 Nc6 2. Nf3 d6 3. a3 e5 4. g3 Bg4 5. Be2 Nf6 6. Nh4 Nd4 7. Nc3 Bxe2 8. Nxe2
Be7 9. Nxd4 exd4 10. b4 d5 11. exd5 Nxd5 12. O-O Bxh4 13. Qe2+ Ne7 14. Bb2 Bf6
15. h4 O-O 16. d3 Qd6 17. Qf3 c6 18. c3 dxc3 19. Bxc3 Bxc3 20. Rab1 Qg6 21. Qg2
Bd4 22. Rbe1 Rae8 23. Rd1 Nf5 24. a4 Nxh4 25. b5 Nxg2 26. Kxg2 cxb5 27. axb5 h5
28. Kh2 Re2 29. Rg1 Bxf2 30. Rg2 Bxg3+ 31. Kh3 Qg4# 0-1

[Event "Vamos ai???"]
[Site "http://www.queenalice.com/game.php?id=309294"]
[Date "2007.11.24"]
[Round "-"]
[White "SueliFigueira"]
[Black "Morgause"]
[Result "1-0"]
[WhiteElo "1344"]
[BlackElo "921"]

1. d4 d5 2. Nc3 Nf6 3. Bg5 Nh5 4. e3 Nf6 5. Bb5+ Nbd7 6. h4 c6 7. Bd3 h6 8. Bf4
e6 9. Qf3 Be7 10. O-O-O O-O 11. h5 a6 12. Nh3 b5 13. a3 g5 14. a4 gxf4 15. Qxf4
Kh8 16. Qxh6+ Kg8 17. g4 Qe8 18. g5 Bb7 19. gxf6 Bb4 20. Qg7# 1-0

[Event "Challenge"]
[Site "http://www.queenalice.com/game.php?id=311570"]
[Date "2007.11.28"]
[Round "-"]
[White "Tlaloc2k"]
[Black "Morgause"]
[Result "1-0"]
[WhiteElo "1479"]
[BlackElo "921"]

1. d4 Nc6 2. d5 Na5 3. e4 b6 4. Nf3 Nf6 5. Bd3 d6 6. O-O g6 7. b4 Nb7 8. Nc3 h6
9. h3 Bd7 10. Bb2 e6 11. Qe2 g5 12. dxe6 Bxe6 13. Nd5 Bxd5 14. exd5+ Be7 15.
Bxf6 Rg8 16. Bxe7 Qxe7 17. Bb5+ Kf8 18. Qxe7+ Kxe7 19. Bc6 Rab8 20. Rfe1+ Kf6
21. Bd7 h5 22. Nd4 c5 23. bxc5 Rbd8 24. c6 1-0

[Event "Challenge"]
[Site "http://www.queenalice.com/game.php?id=332559"]
[Date "2008.1.7"]
[Round "-"]
[White "Morgause"]
[Black "Ponce"]
[Result "0-1"]
[WhiteElo "944"]
[BlackElo "1615"]

1. e4 e5 2. Nf3 Nc6 3. b3 Bb4 4. a3 Be7 5. Nc3 Nf6 6. h3 O-O 7. Bd3 a6 8. O-O b5
9. Be2 b4 10. axb4 Bxb4 11. Na2 Bc5 12. Bb2 d6 13. d3 Bb7 14. Nd2 Nd4 15. Bg4
Nxg4 16. Nf3 Nxf3+ 17. Qxf3 Nf6 18. c4 a5 19. Nc3 Bd4 20. Nd1 Bxb2 21. Nxb2 Bc6
22. Rfe1 Bd7 23. Nd1 c5 24. Nc3 h6 25. Qe2 Qb6 26. Rab1 Qb4 27. Rec1 Qb8 28. f3
Qa7 29. Ra1 Qb6 30. Rcb1 Qd8 0-1

[Event "Challenge"]
[Site "http://www.queenalice.com/game.php?id=345496"]
[Date "2008.1.30"]
[Round "-"]
[White "Aquila"]
[Black "Morgause"]
[Result "0-1"]
[WhiteElo "1203"]
[BlackElo "914"]

1. d4 d5 2. e3 e6 3. c4 a6 4. Nf3 Nf6 5. Bd3 g6 6. Nc3 Nc6 7. e4 Bd7 8. Bg5 Be7
9. exd5 O-O 10. Bh6 Re8 11. dxc6 Bxc6 12. Bc2 Bd6 0-1

[Event "Challenge"]
[Site "http://www.queenalice.com/game.php?id=353722"]
[Date "2008.2.13"]
[Round "-"]
[White "Morgause"]
[Black "EmperorTanner"]
[Result "0-1"]
[WhiteElo "921"]
[BlackElo "1439"]

1. e4 Nf6 2. Nc3 e5 3. d3 Nc6 4. Nf3 d6 5. h3 Nh5 6. Be2 Nf6 7. O-O Nd4 8. Nxd4
exd4 9. Nd5 Nxd5 10. b3 Nc3 11. Qe1 Nxe2+ 12. Qxe2 d5 0-1

[Event "Challenge"]
[Site "http://www.queenalice.com/game.php?id=372208"]
[Date "2008.3.16"]
[Round "-"]
[White "Ponce"]
[Black "Morgause"]
[Result "1-0"]
[WhiteElo "1609"]
[BlackElo "944"]

1. e4 e5 2. Nc3 Nf6 3. d3 Bb4 4. Bd2 O-O 5. Nd5 Bxd2+ 6. Qxd2 c6 7. Nxf6+ gxf6
8. Qh6 Re8 9. O-O-O Qe7 10. Ne2 Qf8 11. Qe3 d6 12. Ng3 1-0